Thiết kế và thi công nền đắp trên đất yếu

Salvato in:
Dettagli Bibliografici
Autore principale: Nguyễn Quang Chiêu
Natura: Libro
Lingua:Vietnamese
Pubblicazione: Xây dựng 2004
Soggetti:
Tags: Aggiungi Tag
Nessun Tag, puoi essere il primo ad aggiungerne! !
Thư viện lưu trữ: Mạng thư viện Đại học Đà Nẵng
LEADER 00996nam a2200313 a 4500
001 000003024
003 02425
005 20171229145311.0
008 171229s2004 vie
040 |a LSK 
041 0 |a VIE 
082 0 |a 624.1  |b NG-C 
100 1 |a Nguyễn Quang Chiêu 
245 0 0 |a Thiết kế và thi công nền đắp trên đất yếu 
260 |b Xây dựng  |c 2004 
300 |a 192 pages  |c 27 cm. 
653 |a Xây dựng - Nền móng 
852 |a Phòng Đọc - Phòng Mượn 
901 |a 9 
927 |a Sách tham khảo 
OWN |a LSK 
AVA |a UDN50  |b LSK  |d 624.1 NG-C  |e available  |t Error 5001 Not defined in file expand_doc_bib_avail.  |f 9  |g 0  |h N  |i 0  |k 1 
999 |a From the UDN01 
AVA |a UDN50  |b LSK  |d 624.1 NG-C  |e available  |t Error 5001 Not defined in file expand_doc_bib_avail.  |f 9  |g 0  |h N  |i 0  |k 1 
TYP |a Monograph 
TYP |a Printed language 
980 |a Mạng thư viện Đại học Đà Nẵng